000 00443nam a2200157Ia 4500
008 210716s2006 xx 000 0 und d
020 _a8126506695
041 _aeng
082 _a005.2764 EVJB
100 _aEvjen, Bill;Hanselman, Scott;Muhammad, Farhan;Sivakumar, Srinivasa;Rader, Devin.
245 _aProfessional asp.net 2.0.
250 _a1
260 _aNew Delhi
_bWiley India Pvt Ltd
_c2006
300 _axxxi,1253
650 _aASP
999 _c187678
_d187678